MARC

LEADER 00000nab a2200000 ar4500
001 vtls009464058
003 SK-MaSNL
005 20260305020306.0
008 180911c2008 xo br|p|r|||||000 b|slo
015 |a SNBRB2009/01 
038 |a PPPKCL 
040 |a PPPKCL  |b slo  |c PPPK  |e AACR2 
041 0 |a slo 
044 |a xo  |c SK 
080 |a 614.88:796.52  |x (234.372.4)  |2 2001 
080 |a 627.775:614.88  |x (234.372.4)  |2 2001 
245 0 0 |a Úrazy a záchranné akcie  |c [autor] - lzs, hzs - ; snímka z archívu HZS 
300 |b Fotogr. 
610 1 7 |a Horská záchranná služba (Vysoké Tatry, Slovensko)  |2 pppkcl  |9 55573 
610 2 7 |a Air Transport Europe (Poprad, Slovensko)  |x záchranné akcie  |y 2008  |2 pppkcl  |9 1046902 
648 7 |a 1.7.-31.8.2008  |2 pppkcl  |9 1595791 
650 0 7 |a horská záchranná služba  |2 pppkcl  |9 84848 
650 0 7 |a Letecká záchranná služba  |x záchranné akcie  |y 2008  |2 pppkcl  |9 1055042 
650 0 7 |a záchranné akcie  |y 2008  |2 pppkcl  |9 1237029 
651 7 |a Vysoké Tatry (Poľsko a Slovensko : pohorie)  |2 SNKPHgeo  |9 67729 
773 0 |t Tatry : dvojmesačník Štátnych lesov Tatranského národného parku v Tatranskej Lomnici  |g Roč.XXXXVI, č. 6 (2008), s. 27-28  |x 1335-6828 
852 |a PPPK  |b KIS3GCP 
999 |c 3279949  |d 3281879